| 000 | 03408cgm a2200709Ki 4500 | ||
|---|---|---|---|
| 001 | on1164143381 | ||
| 003 | OCoLC | ||
| 005 | 20200902110654.0 | ||
| 007 | vd cvaizq | ||
| 008 | 200709s2020 xxu174 vleng d | ||
| 040 |
_aTEFMT _beng _erda _cTEFMT _dOCLCO _dTEF _dOCLCF _dUINTA |
||
| 024 | 1 | _a767685163801 | |
| 028 | 4 | 2 |
_aHM6380 _bShout Factory |
| 035 | _a(OCoLC)1164143381 | ||
| 037 |
_bMidwest Tape _nhttp://www.midwesttapes.com |
||
| 041 | 1 |
_aeng _peng _heng |
|
| 050 | 4 |
_aPN1997.2 _b.N38 2020 |
|
| 082 | 0 | 4 |
_a791.43/75 _223 |
| 049 | _aUCLB | ||
| 245 | 0 | 0 |
_aNature of love ; _bPearl in paradise / _cdirector, Marita Grabiak. |
| 264 | 1 |
_a[United States] : _bHallmark Channel, _c[2020] |
|
| 300 |
_a1 videodisc (174 min.) : _bsound, color ; _c4 3/4 in. |
||
| 336 | _atwo-dimensional moving image | ||
| 337 | _avideo | ||
| 338 | _avideodisc | ||
| 344 |
_adigital _2rdatr |
||
| 344 |
_boptical _2rdarm |
||
| 347 |
_avideo file _2rdaft |
||
| 347 | _bDVD video | ||
| 380 |
_aMade-for-TV movies _2lcgft |
||
| 538 | _aDVD, wide screen (16x9, 1.78:1). | ||
| 546 | _aSubtitled for the deaf and hard of hearing (SDH). | ||
| 500 | _aTitle from sell sheet. | ||
| 511 | 1 | _aEmilie Ullerup, Christopher Russell, Donna Benedicto, Jill Wagner, Kristoffer Polaha. | |
| 500 | _aOriginally broadcast as made-for-TV movies on the Hallmark Channel. | ||
| 500 | _aWide screen (16x9, 1.78:1). | ||
| 520 | _aNature Of Love: City girl Katie is writing a magazine feature on a glamping resort. Far from sporty, she faces her fears trying the camp's activities with help from Will, a rugged outdoorsman and nature guide. Pearl In Paradise: Alex, a photographer for a travel magazine, and Colin, a best-selling author, team up to find an elusive Fijian "pearl." As both of their careers hang in the balance, their treasure hunt in a Fijian valley might lead them to find the only treasure that really matters. | ||
| 650 | 0 |
_aMan-woman relationships _vDrama. _95673977 |
|
| 650 | 0 |
_aResorts _vDrama. _96368665 |
|
| 651 | 0 |
_aFiji _vDrama. _96371889 |
|
| 650 | 7 |
_aMan-woman relationships. _2fast _0(OCoLC)fst01007080 _96371890 |
|
| 650 | 7 |
_aResorts. _2fast _0(OCoLC)fst01095631 _96371891 |
|
| 651 | 7 |
_aFiji. _2fast _0(OCoLC)fst01208479 _96371892 |
|
| 655 | 7 |
_aDrama. _2fast _0(OCoLC)fst01423879 _96371893 |
|
| 655 | 7 |
_aFeature films. _2fast _0(OCoLC)fst01710384 _96371894 |
|
| 655 | 7 |
_aMade-for-TV movies. _2fast _0(OCoLC)fst01710404 _96371895 |
|
| 655 | 7 |
_aRomance films. _2fast _0(OCoLC)fst01710332 _95675183 |
|
| 655 | 7 |
_aVideo recordings for the hearing impaired. _2fast _0(OCoLC)fst01710450 _96371896 |
|
| 655 | 7 |
_aFeature films. _2lcgft _96371894 |
|
| 655 | 7 |
_aVideo recordings for the hearing impaired. _2lcgft _96371896 |
|
| 655 | 7 |
_aRomance films. _2lcgft _95675183 |
|
| 655 | 7 |
_aMade-for-TV movies. _2lcgft _96371895 |
|
| 700 | 1 |
_aGrabiak, Marita, _efilm director. _96204502 |
|
| 700 | 1 |
_aUllerup, Emilie, _d1984- _eactor. _95809062 |
|
| 700 | 1 |
_aRussell, Christopher, _d1983- _eactor. _95736584 |
|
| 700 | 1 |
_aBenedicto, Donna, _eactor. _96371897 |
|
| 700 | 1 |
_aWagner, Jill, _d1979- _eactor. _96371898 |
|
| 710 | 2 |
_aHallmark Channel (Television network), _epublisher. _95690645 |
|
| 730 | 0 | 2 |
_iContainer of (work) : _aNature of love (Motion picture) _96371899 |
| 730 | 0 | 2 |
_iContainer of (work) : _aPearl in paradise (Motion picture) _96371900 |
| 994 |
_aC0 _bUINTA |
||
| 999 |
_c353030 _d353030 |
||